Dopad globalizačních procesů na ekonomický růst a hospodářský cyklus v makroekonomické teorii a realitě

Saved in:
Bibliographic Details
Main Author: Nedomlelová, Iva
Format: Book Chapter
Language:Czech
Tags: Add Tag
No Tags, Be the first to tag this record!

MARC

LEADER 00000naa$a2200000$$$4500
001 0149367
005 20220725092231.3
041 0 |a cze 
044 |a CZ 
245 1 0 |a Dopad globalizačních procesů na ekonomický růst a hospodářský cyklus v makroekonomické teorii a realitě  |c Iva Nedomlelová 
100 1 |a Nedomlelová, Iva